Projektový prístup k internacionalizácii malého a stredného podnikania III. recenzovaný zborník vedeckých prác

Gespeichert in:
Bibliographische Detailangaben
Körperschaft: Ekonomická univerzita v Bratislave. Fakulta podnikového manažmentu
Weitere Verfasser: Stern, Juraj, Pavlíček, Juraj
Format: Buch
Sprache:Slowakisch
Veröffentlicht: Bratislava Vydavateľstvo EKONÓM 2016
Ausgabe:1. vyd.
Schlagworte:
Tags: Tag hinzufügen
Keine Tags, Fügen Sie das erste Tag hinzu!

MARC

LEADER 00000nam a2200000 4500
001 0226209
005 20240313121012.8
020 |a 978-80-225-4316-3 
041 0 |a slo 
044 |a SK 
245 1 0 |a Projektový prístup k internacionalizácii malého a stredného podnikania III.  |b recenzovaný zborník vedeckých prác  |c Miroslav Majtán a kolektív ; recenzenti: Juraj Stern, Juraj Pavlíček 
250 |a 1. vyd. 
264 1 |a Bratislava  |b Vydavateľstvo EKONÓM  |c 2016 
300 |a 155 s. [7,8 AH] 
610 2 0 |a podnikanie malé 
610 2 0 |a podnikanie stredné 
610 2 0 |a internacionalizácia 
610 2 0 |a inovácia 
610 2 0 |a klaster 
610 2 0 |a plánovanie strategické 
610 2 0 |a riadenie personálne 
610 2 0 |a riadenie strategické 
610 2 0 |a rozhodovanie strategické 
700 1 |a Stern, Juraj 
700 1 |a Pavlíček, Juraj 
710 2 |a Ekonomická univerzita v Bratislave. Fakulta podnikového manažmentu